Estrategias competitivas para la banca : (Registro nro. 12014)

Detalles MARC
000 -LEADER
fixed length control field 03230nam a22002897a 4500
003 - CONTROL NUMBER IDENTIFIER
control field OSt
005 - DATE AND TIME OF LATEST TRANSACTION
control field 20210727135459.0
008 - FIXED-LENGTH DATA ELEMENTS--GENERAL INFORMATION
fixed length control field 130821s1985 sp a gr spa
020 ## - INTERNATIONAL STANDARD BOOK NUMBER
International Standard Book Number 8434410400
040 ## - CATALOGING SOURCE
Original cataloging agency Co-BoUCM
Language of cataloging spa
Transcribing agency CO-JMCR
041 0# - LANGUAGE CODE
Language code of text/sound track or separate title spa
082 04 - DEWEY DECIMAL CLASSIFICATION NUMBER
Classification number 332.1 /
Item number B189e
Edition number 23
100 1# - MAIN ENTRY--PERSONAL NAME
Personal name Ballarín, Eduard,
Relator term autor
9 (RLIN) 27049
245 10 - TITLE STATEMENT
Title Estrategias competitivas para la banca :
Remainder of title lecciones de la revolución financiera en Estados Unidos /
Statement of responsibility, etc. Eduard Ballarín ; prologo de Rafael Termes
260 ## - PUBLICATION, DISTRIBUTION, ETC.
Place of publication, distribution, etc. Barcelona :
Name of publisher, distributor, etc. Ariel,
Date of publication, distribution, etc. 1985.
300 ## - PHYSICAL DESCRIPTION
Extent 277 páginas :
Other physical details ilustraciones, cuadros, tablas ;
Dimensions 23 cm.
490 #0 - SERIES STATEMENT
Series statement Ariel ;
Volume/sequential designation 41
504 ## - BIBLIOGRAPHY, ETC. NOTE
Bibliography, etc. note bibliografía: páginas 271-273.
505 0# - FORMATTED CONTENTS NOTE
Formatted contents note Génesis de la revolución financiera. -- Un esquema conceptual para el análisis. -- Política económica e instituciones financieras. -- Política económica e instituciones financieras. -- Estrategia producto-mercado. -- Estrategia producto-mercado. -- Estrategia producto-mercado. -- Estrategia financiera. -- Gestión de activos y pasivos. -- Estrategia geográfica. -- Reflexión prospectiva sobre lsa revolución financiera
520 0# - SUMMARY, ETC.
Summary, etc. El sector bancario está experimentando una profunda transformación en todo el mundo por la incidencia simultánea de la crisis económica, la liberalización del marco legal y el uso intensivo de la tecnología de la información. Este proceso ha sido especialmente agudo en Estados Unidos, donde las fronteras que delimitaban el sector bancario se están desdibujando con rapidez. Este libro es un estudio en profundidad y sobre el terreno de la <<revolución financiera» norteamericana, realizado a lo largo de un año por uno de los mejores especialistas españoles en temas de dirección estratégica. Examinando críticamente la reacción competitiva de los bancos comerciales de aquel país frente a la aparición de todo tipo de nuevos competidores, el autor desarrolla un esquema conceptual y un conjunto de recomendaciones en tres áreas clave del negocio bancario: innovación financiera, gestión de activos y pasivos y estrategia geográfica. La presentación de las técnicas más recientes en el negocio bancario no agota el contenido del libro. También se describe la «revolución financiera» en el contexto histórico que la ha generado, resumiendo con amenidad y gran capacidad de síntesis el origen y evolución del marco regulador del sistema financiero hasta nuestros días, incluyendo la crisis internacional de la deuda. El autor es Doctor en Dirección de Empresas por la Harvard Business School y en Ciencias Económicas por la Universidad de Barcelona. Desde 1969 es profesor del Instituto de Estudios Superiores de la Empresa, donde imparte distintos cursos sobre Dirección Estratégica y Análisis del Entorno para Dirección. Es miembro fundador de la Strategic Management Society y Presidente de su Quinta Asamblea Anual, celebrada en Barcelona en 1985.
650 14 - SUBJECT ADDED ENTRY--TOPICAL TERM
Topical term or geographic name entry element Finanzas
9 (RLIN) 7628
650 24 - SUBJECT ADDED ENTRY--TOPICAL TERM
Topical term or geographic name entry element Instituciones financieras
Geographic subdivision Estados Unidos
9 (RLIN) 17761
650 24 - SUBJECT ADDED ENTRY--TOPICAL TERM
Topical term or geographic name entry element Política bancaria
Geographic subdivision Estados Unidos
9 (RLIN) 21923
650 24 - SUBJECT ADDED ENTRY--TOPICAL TERM
Topical term or geographic name entry element Sistema financiero
Geographic subdivision Estados Unidos
9 (RLIN) 8107
700 ## - ADDED ENTRY--PERSONAL NAME
Personal name Termes, Rafael,
Relator term prologuista.
9 (RLIN) 38781
942 ## - ADDED ENTRY ELEMENTS (KOHA)
Koha item type Books
Source of classification or shelving scheme Dewey Decimal Classification
Existencias
Withdrawn status Lost status Source of classification or shelving scheme Damaged status Not for loan Home library Current library Shelving location Date acquired Source of acquisition Full call number Barcode Date last seen Copy number Price effective from Koha item type
    Dewey Decimal Classification     Biblioteca Pública José María del Castillo y Rada Biblioteca Pública José María del Castillo y Rada General Stacks 04/15/2018 Donación 332.1 / B189e 430002325 05/16/2024 Ej.1 03/10/2021 Books